000 00897nam a22003377a 4500
001 BR0701186
003 BR-BrBNA
005 20230928102338.0
007 ta
008 230509b bl.||||| |||| 00| 0 por d
040 _aBR-BrBNA
_bpor
_cBiblioteca Nacional de Agricultura
041 _a(Por)
072 _aL02; Q54
_b5600
090 _ 5600 BR0701186
110 1 _aRoyal Canin, Descalvado, SP (Brasil)
_98168
245 1 _aPrincípios gerais de nutrição felina
260 3 _aDescalvado, SP (Brasil):
_c[nd].
300 _a40 p.
500 _aBibliography p. 37-40; 10 illus.
650 _aGATO
650 _aNUTRIÇÃO ANIMAL
650 _aPROTEÍNA
650 _aLIPÍDIO
650 _aCARBOIDRATO
650 _aVITAMINA
650 _aVALOR NUTRITIVO
650 _aMINERAL
650 _aCOMPOSIÇÃO DE ALIMENTO
909 _a202309
_bLucia
_c55
_dLucia Elande
942 _cBK
999 _c70297
_d70297